00318nam a2200133Ia 4500008004100000020001500041041001200056082001600068100002400084245002700108260002900135300000800164650001200172221030s9999 xx 000 0 und d a8172247842 aEnglish a105.23bChe aN. P. Cheremisinoff 0aHeat Transfer Handbook bJaico Pub.aMumbaic1999 a240 aPhysics